000 00679nam a2200277Ia 4500
005 20260324122754.0
008 008 260324s9999 xx 000 0 eng d
020 _a9781315598987
037 _aEBOOK
040 _aCRL
040 _beng
040 _cCRL
041 _2eng
041 _aeng
084 _qCRL
100 _aAnthony R. DelDonna
_91167752
245 0 _aOpera, Theatrical Culture and Society in Late Eighteenth-Century Naples
260 _bTaylor and Francis
260 _c2012
365 _a
365 _b240
856 _uhttp://www.taylorfrancis.com/books/9781315598987
942 _cEBOOK
999 _c1760739
_d1760739